000 00527nam a2200181Ia 4500
008 151202s9999||||xx |||||||||||||| ||und||
082 _bPNVM-70755
100 _aजोशी मिलिदं.
245 _aपानगळ.
260 _b"संस्कृती प्रकाशन,पुणे."
260 _c70755
300 _a168
600 _aजोशी मिलिदं.
630 _aपानगळ.
700 _aजोशी मिलिदं.
730 _aपानगळ.
942 _cBOOK
999 _c1337262
_d1337259